Dodatki ETS 2 - Statystyki

Ogólne statystyki
  • Ten quiz został rozwiązany 24 razy
  • Średni wynik to 8 z 11
Statystyki odpowiedzi
dodana ekspansja % Poprawnych
19 września 2013 Going East!
95%
8 kwietnia 2021 Iberia
86%
7 maja 2015 Scandinavia
82%
4 grudnia 2024 Greece
77%
19 października 2023 West Balkans
77%
5 grudnia 2017 Italia
73%
5 grudnia 2016 Vive la France!
73%
5 grudnia 2019 Road to the Black Sea
59%
29 listopada 2018 Beyond the Baltic Sea
55%
wstrzymano Heart of Russia
55%
planowane Nordic Horizons
50%
Nie znaleziono quizów pasujących do podanych kryteriów
Rozkład punktacji
Procent ludzi z każdym wynikiem
Percentyl według liczby udzielonych odpowiedzi
Twoja historia wyników
Nie rozwiązałeś tego quizu